Buddhism in Himachal Pradesh (Record no. 1218723)

MARC details
000 -LEADER
fixed length control field 00620nam a2200229Ia 4500
003 - CONTROL NUMBER IDENTIFIER
control field OSt
005 - DATE AND TIME OF LATEST TRANSACTION
control field 20250909113245.0
008 - FIXED-LENGTH DATA ELEMENTS--GENERAL INFORMATION
fixed length control field 241004s9999 xx 000 0 und d
020 ## - INTERNATIONAL STANDARD BOOK NUMBER
International Standard Book Number 97893891985028
037 ## - SOURCE OF ACQUISITION
Stock number TB
040 ## - CATALOGING SOURCE
Original cataloging agency ARTS
Language of cataloging eng
Transcribing agency ARTS
041 ## - LANGUAGE CODE
Language code of text/sound track or separate title eng
Source of code eng
084 ## - COLON CLASSIFICATION NUMBER
Classification number Q4.245 R2
Assigning agency ARTS
100 ## - MAIN ENTRY--PERSONAL NAME
Personal name Lal Singh Au.
9 (RLIN) 724590
245 ## - TITLE STATEMENT
Title Buddhism in Himachal Pradesh
Statement of responsibility, etc. Lal Singh Au.
260 ## - PUBLICATION, DISTRIBUTION, ETC.
Place of publication, distribution, etc. India
Name of publisher, distributor, etc. Delhi Buddhist World Press
Date of publication, distribution, etc. 2022
300 ## - PHYSICAL DESCRIPTION
Extent xiii,186p.
365 ## - TRADE PRICE
Price type code INR
Price amount 3000
650 ## - SUBJECT ADDED ENTRY--TOPICAL TERM
Topical term or geographic name entry element Buddhism
9 (RLIN) 820526
942 ## - ADDED ENTRY ELEMENTS (KOHA)
Koha item type Textbook
Classification part Q4.245 R2
Source of classification or shelving scheme Colon Classification (CC)
Suppress in OPAC No
Holdings
Withdrawn status Lost status Source of classification or shelving scheme Damaged status Not for loan Home library Current library Date acquired Source of acquisition Cost, normal purchase price Inventory number Total Checkouts Full call number Barcode Date last seen Price effective from Koha item type
    Colon Classification (CC)     Arts Library Arts Library 2024-12-06 Eastern Book Linkers 3000.00 135 & 10/01/2023   Q4.245 R2 AL1666781 2024-10-04 2024-10-04 Textbook
Copyright @ Delhi University Library System